| 000 | 00762cam a2200241 a 4500 | ||
|---|---|---|---|
| 008 | |||
| 020 | _a1412903882 (pbk.) | ||
| 049 | _aMAIN | ||
| 090 |
_aBF637.C6 _bNEL |
||
| 100 | 1 | _aNelson-Jones, Richard. | |
| 245 | 1 | 0 |
_aPractical counselling and helping skills : _btext and exercises for the lifeskills counselling model / _cRichard Nelson-Jones. |
| 250 | _a5th ed. | ||
| 260 |
_aLondon : _bSAGE Publications , _c2005. |
||
| 300 |
_axvii, 491 p. : _bill. ; _c24 cm. |
||
| 500 | _aIncludes index. | ||
| 504 | _aIncludes bibliographical references. | ||
| 650 | 0 | _aCounseling. | |
| 907 |
_a.b1026906x _b26-11-14 _c08-10-09 |
||
| 003 | |||
| 005 | 20230123122122.0 | ||
| 040 | _cNUST | ||
| 942 |
_cBOOKS _kBF637.C6 _mNEL |
||
| 999 |
_c128108 _d128108 |
||